00623 2200205 4500001002100000005001500021035002000036008004100056245005600097100002000153260005400173300002600227084002000253082001000273650007000283250000600353020001800359990002000377990002000397INLIS00000000000352620241228113053 a0010-1224001058241228 0 ind 1 aDasar-Dasar Virologi Tumbuhan /cWiwiek Sri Wahyuni aWahyuni, Wiwiek aYogyakarta :bGadjah Mada University Press,c2005 a34 hlm. ;c15 x 20 cm a632.3 WAH D C.1 a632.3 4aPenyakit pada Tanaman Pertanian, Penyakit pada Tumbuhan Pertanian a1 a979-420-578-8 a090811200006299 a090811200006300